| 000 | 02359cam a2200325 i 4500 | ||
|---|---|---|---|
| 003 | SA-RiAUC | ||
| 005 | 20250925085803.0 | ||
| 008 | 250921s2000 le g 00000 ara c | ||
| 024 | 0 | _a00000000965782 | |
| 040 |
_aSA-RiKSU _bara _cSA-RiAUC _dAE-DuMBRL _erda |
||
| 050 | 4 | _b.A73 2000 | |
| 082 | 0 | 4 |
_a252.312 _qSA-RiAUC |
| 090 |
_a252.312 _bا ر ب |
||
| 245 | 0 | 0 |
_aأربع رسائل في هلال خير الشهور / _cاعتنى بها حسن أحمد أسير. |
| 246 | 3 | _a4 رسائل في هلال خير الشهور | |
| 250 | _aالطبعة الأولى. | ||
| 264 | 1 |
_aبيروت : _bدار ابن حزم للطباعة والنشر والتوزيع، _c2000. |
|
| 300 |
_a170 صفحة ؛ _c24 × 17 سم |
||
| 336 |
_aنص _btxt _2rdacontent _3كتاب |
||
| 337 |
_aبدون وسيط _bn _2rdamedia |
||
| 338 |
_aمجلد _bnc _2rdacarrier |
||
| 505 | 0 |
_tالعلم المنشور في إثبات الشهور / _tتنبيه الغافل والوسنان على أحكام هلال رمضان / _tالفلك الدوار في رؤية الهلال بالنهار ؛ _tالقول المنشور في هلال خير الشهور / _rالسبكي- _rابن عابدين- _rاللكنوي. |
|
| 520 | _aيتناول كتاب (أربع رسائل في هلال خير الشهور) والذي قام بتأليفه حسن أحمد إسبر في حوالي (279) صفحة من القطع المتوسط موضوع (أربع رسائل) الكتاب يقدم أربع رسائل في هلال خير الشهور بإخراج جديد، بعد تخريج الآيات الكريمة والأحاديث النبوية، وتوثيق النصوص وعزوها إلى مصادرها، وضبط النص وتشكيله مع وضع علامات الترقيم، ووضع ترجمة لكل من أصحاب الرسائل، ووضع فهرست شاملة لموضوعات الرسائل، وفهرس للمصادر والمراجع التي تم الرجوع إليها | ||
| 650 | 7 |
_aشهر رمضان _xثبوت الرؤية _2aucsh |
|
| 650 | 7 |
_aاستطلاع رؤية الهلال _2aucsh |
|
| 700 | 1 |
_aأسبر، حسن أحمد _eمراجع. |
|
| 942 |
_2ddc _cBOOK _n0 |
||
| 949 |
_aSA-JeALM _d250921 _umohamedma123 _n1 |
||
| 999 |
_c12107 _d12107 |
||